000 00605cam a2200217 a 4500
001 1600987
005 20180227093327.0
008 940112s1983 nyu 000 0 eng
010 _a 94105214
020 _a0425098478 :
_c$9.95
040 _aDLC
_cDLC
_dDLC
041 _aeng
080 _a658 BLA
082 0 0 _a658 BLA
_220
100 1 _a54
101 _aMEN
245 1 4 _aThe one minute manager /
_cKenneth Blanchard, Spencer Johnson.
906 _a7
_bcbc
_corignew
_d3
_encip
_f19
_gy-gencatlg
942 _2ddc
_cBK
999 _c43657
_d43657